[Event "Junior Online 4NCL Division 4"]
[Site "online"]
[Date "2022.01.20"]
[EventDate "2022.01.20"]
[Round "1.11"]
[White "Iyer, Pranav"]
[WhiteElo "700"]
[WhiteTeam "Edgware Gambits J"]
[Black "McKechnie, Joel"]
[BlackElo "1039"]
[BlackTeam "Watford C"]
[Result "0-1"]
[PlyCount "120"]

1. e4 e5 2. d4 d6 3. Nf3 Bg4 4. h3 Bxf3 5. Qxf3 Nf6 6. Bg5 Be7 7. Bc4 exd4 8. Nd2 h6 9. Bxf6 Bxf6 10. Qh5 O-O 11. Nf3 Nd7 12. Bd3 Ne5 13. Nxd4 Nxd3+ 14. cxd3 Bxd4 15. Rb1 Qf6 16. Qb5 Qxf2+ 17. Kd1 b6 18. Qb4 Qxg2 19. Qe1 Qf3+ 20. Kd2 Bc5 21. Qe2 Bb4+ 22. Kd1 Qxh1+ 23. Kc2 Qxh3 24. Rg1 Qe6 25. Qg2 Qf6 26. a3 Bc5 27. Rf1 Qd4 28. Qd2 Qe3 29. Qxe3 Bxe3 30. Re1 Bc5 31. Rg1 Rfe8 32. Rc1 Re6 33. Kb1 Rf6 34. Rd1 Re8 35. d4 Bxd4 36. Rxd4 Rf1+ 37. Ka2 Re6 38. Kb3 Rc1 39. e5 dxe5 40. Rd8+ Kh7 41. Kb4 e4 42. Kb5 Rc5+ 43. Ka6 Ra5+ 44. Kb7 e3 45. Kxc7 Re7+ 46. Kd6 Re6+ 47. Kd7 Rd5+ 48. Kc7 Re7+ 49. Kc8 Rc5+ 50. Kb8 a5 51. Rd1 Rcc7 52. Re1 Rb7+ 53. Kc8 Ra7 54. Kb8 Rad7 55. Kc8 f5 56. Rf1 Rf7 57. Re1 Rde7 58. Kd8 Ra7 59. Ke8 Rfb7 60. Rxe3 Rb8# 0-1

[Event "Junior Online 4NCL Division 4"]
[Site "online"]
[Date "2022.01.20"]
[EventDate "2022.01.20"]
[Round "1.12"]
[White "Sriram, Gautam"]
[WhiteElo "1034"]
[WhiteTeam "Watford C"]
[Black "Iyer, Rishabh"]
[BlackElo "700"]
[BlackTeam "Edgware Gambits J"]
[Result "1-0"]
[PlyCount "75"]

1. e4 e5 2. Nf3 Nc6 3. Nc3 Nf6 4. g3 Bc5 5. Bg2 d6 6. h3 O-O 7. O-O Be6 8. d3 h6 9. Bd2 Re8 10. Qe2 Qe7 11. Rfe1 Rad8 12. Rad1 Qd7 13. Kh2 d5 14. exd5 Bxd5 15. Nxd5 Nxd5 16. c4 Nf6 17. Bc3 Qf5 18. a3 Qh5 19. b4 Ng4+ 20. Kh1 Nxf2+ 21. Kh2 Nxd1 22. Rxd1 Bd6 23. c5 Be7 24. Re1 Bf6 25. b5 Nd4 26. Qe4 Nxf3+ 27. Bxf3 Qg5 28. Qxb7 Rb8 29. Qxc7 Ra8 30. Bxa8 Rxa8 31. Re4 Re8 32. Qxa7 Qh5 33. Qd7 Re6 34. c6 Bg5 35. Rxe5 Rxe5 36. Bxe5 Kh7 37. Qf5+ g6 38. Qxf7# 1-0

[Event "Junior Online 4NCL Division 4"]
[Site "online"]
[Date "2022.01.20"]
[EventDate "2022.01.20"]
[Round "1.13"]
[White "Trim, Xanthe"]
[WhiteElo "775"]
[WhiteTeam "Edgware Gambits J"]
[Black "Tripathi, Advait"]
[BlackElo "973"]
[BlackTeam "Watford C"]
[Result "0-1"]
[PlyCount "56"]

1. d4 Nf6 2. Nf3 e6 3. Nc3 c5 4. Bg5 Be7 5. e4 h6 6. Bh4 Na6 7. Ne5 O-O 8. Bc4 d6 9. Ng4 Nxg4 10. Qxg4 Bxh4 11. Qh5 cxd4 12. Nb5 Bf6 13. O-O e5 14. Rad1 Nb4 15. c3 Nc6 16. cxd4 exd4 17. e5 Bxe5 18. f4 Bf6 19. f5 Ne5 20. Bd5 Qb6 21. Nxd4 Nd7 22. Rf2 Bxd4 23. Rf1 Bxf2+ 24. Rxf2 Nf6 25. Qe2 Bxf5 26. Qe7 Nxd5 27. Kf1 Bd3+ 28. Ke1 Rae8 0-1

[Event "Junior Online 4NCL Division 4"]
[Site "online"]
[Date "2022.01.20"]
[EventDate "2022.01.20"]
[Round "1.14"]
[White "Koripalli, Pooja"]
[WhiteElo "881"]
[WhiteTeam "Watford C"]
[Black "Patel, Felicity"]
[BlackElo "400"]
[BlackTeam "Edgware Gambits J"]
[Result "1-0"]
[PlyCount "63"]

1. e4 Nf6 2. Nc3 Nc6 3. Qf3 e5 4. Bc4 Bb4 5. Nge2 d5 6. exd5 Nd4 7. Nxd4 Bg4 8. Qe3 O-O 9. Qxe5 Qe8 10. Qxe8 Raxe8+ 11. Nce2 Bxe2 12. Nxe2 c6 13. dxc6 bxc6 14. O-O g6 15. d4 Rxe2 16. Bxe2 Re8 17. c3 Rxe2 18. cxb4 Rxf2 19. Rxf2 Ne4 20. Bf4 Nxf2 21. Kxf2 c5 22. Bh6 f5 23. dxc5 f4 24. c6 Kf7 25. c7 a6 26. c8=Q Kf6 27. Bxf4 Kg7 28. Qxa6 Kh8 29. Qf6+ Kg8 30. Re1 h5 31. Re8+ Kh7 32. Qh8# 1-0

[Event "Junior Online 4NCL Division 4"]
[Site "online"]
[Date "2022.01.20"]
[EventDate "2022.01.20"]
[Round "1.15"]
[White "McKechnie, Joel"]
[WhiteElo "1039"]
[WhiteTeam "Watford C"]
[Black "Iyer, Pranav"]
[BlackElo "700"]
[BlackTeam "Edgware Gambits J"]
[Result "1-0"]
[PlyCount "149"]

1. d4 d5 2. Bf4 Nf6 3. e3 Bf5 4. Nf3 Nc6 5. Bd3 Bxd3 6. Qxd3 Nb4 7. Qd2 e6 8. c3 Nc6 9. Qc2 Na5 10. Nbd2 Be7 11. O-O-O O-O 12. Be5 Nc4 13. Nxc4 dxc4 14. Qa4 Ne4 15. Rhf1 Rb8 16. Qxa7 b5 17. Qa5 Bd6 18. Bxd6 cxd6 19. Qxd8 Rfxd8 20. h4 h6 21. Nd2 Nxd2 22. Rxd2 Ra8 23. a3 d5 24. f4 g6 25. g4 f5 26. g5 h5 27. Kd1 Rdc8 28. Ke2 b4 29. axb4 Rab8 30. Ra1 Ra8 31. Rdd1 Rxa1 32. Rxa1 Kf7 33. Ra7+ Ke8 34. Ra6 Kd7 35. b5 Rb8 36. Ra7+ Kc8 37. Ra5 Kc7 38. Kd2 Rb6 39. Ra6 Rxb5 40. Rxe6 Rxb2+ 41. Kc1 Ra2 42. Rxg6 Ra1+ 43. Kb2 Rh1 44. Rg7+ Kd6 45. Rg6+ Ke7 46. Rh6 Rxh4 47. g6 Rg4 48. Rxh5 Rxg6 49. Rxf5 Rb6+ 50. Kc2 Rb3 51. Rxd5 Ke6 52. Re5+ Kd6 53. f5 Rb8 54. Re6+ Kd7 55. Re4 Rf8 56. Rf4 Kd6 57. f6 Ke6 58. f7 Rxf7 59. Rxf7 Kxf7 60. Kd2 Ke6 61. Ke2 Kd5 62. Kf3 Kc6 63. Kf4 Kb5 64. e4 Ka4 65. Ke3 Kb3 66. Kd2 Kb2 67. e5 Kb3 68. e6 Kb2 69. e7 Kb3 70. e8=Q Kb2 71. Qb8+ Ka3 72. Qb5 Ka2 73. Kc2 Ka3 74. Qb4+ Ka2 75. Qb2# 1-0

[Event "Junior Online 4NCL Division 4"]
[Site "online"]
[Date "2022.01.20"]
[EventDate "2022.01.20"]
[Round "1.16"]
[White "Iyer, Rishabh"]
[WhiteElo "700"]
[WhiteTeam "Edgware Gambits J"]
[Black "Sriram, Gautam"]
[BlackElo "1034"]
[BlackTeam "Watford C"]
[Result "0-1"]
[PlyCount "108"]

1. e4 d5 2. Nc3 Nf6 3. exd5 Nxd5 4. Bc4 Nf6 5. Nf3 Nc6 6. d3 Bf5 7. O-O e6 8. Re1 Bc5 9. Bg5 Be7 10. Qe2 O-O 11. Rad1 Qd7 12. Rd2 h6 13. Red1 hxg5 14. Nxg5 Bd6 15. Nce4 Bxe4 16. dxe4 Qe7 17. e5 Bxe5 18. b3 Rad8 19. Rxd8 Rxd8 20. Rxd8+ Qxd8 21. a3 Bf4 22. Nh3 Bh6 23. b4 Qd7 24. b5 Nd4 25. Qe1 Nxc2 26. Qb1 Nxa3 27. Qb4 Nxc4 28. Qxc4 Qd1+ 29. Qf1 Qxf1+ 30. Kxf1 Kf8 31. Ke2 Ke7 32. Kd3 Kd6 33. Kc4 c6 34. Kb4 cxb5 35. Kxb5 Kc7 36. Kc4 Kc6 37. Kb3 Kb5 38. Kc3 Ka4 39. Kd4 b5 40. Kc5 b4 41. Kc4 b3 42. Kc3 Ka3 43. f3 b2 44. Kc2 Ka2 45. Kd3 b1=Q+ 46. Kc3 Qc1+ 47. Kd3 Qd2+ 48. Kc4 Kb2 49. Kb5 Qc3 50. Ka6 Qb4 51. Kxa7 Qb5 52. Ka8 Nd7 53. Ka7 Qb6+ 54. Ka8 Qb8# 0-1

[Event "Junior Online 4NCL Division 4"]
[Site "online"]
[Date "2022.01.20"]
[EventDate "2022.01.20"]
[Round "1.17"]
[White "Tripathi, Advait"]
[WhiteElo "973"]
[WhiteTeam "Watford C"]
[Black "Trim, Xanthe"]
[BlackElo "775"]
[BlackTeam "Edgware Gambits J"]
[Result "1-0"]
[PlyCount "23"]

1. e4 e5 2. d4 d6 3. Nf3 f6 4. Bc4 Bg4 5. Nbd2 exd4 6. c3 d3 7. Qb3 Nh6 8. Qxb7 c6 9. Nf1 d5 10. exd5 Bd6 11. dxc6 Nf5 12. Qf7# 1-0

[Event "Junior Online 4NCL Division 4"]
[Site "online"]
[Date "2022.01.20"]
[EventDate "2022.01.20"]
[Round "1.18"]
[White "Patel, Felicity"]
[WhiteElo "400"]
[WhiteTeam "Edgware Gambits J"]
[Black "Koripalli, Pooja"]
[BlackElo "881"]
[BlackTeam "Watford C"]
[Result "0-1"]
[PlyCount "42"]

1. d4 d5 2. Nf3 Nc6 3. Nc3 Nf6 4. Bg5 Ne4 5. Nxe4 dxe4 6. Nh4 f6 7. Be3 g5 8. Nf5 Bxf5 9. Bd2 Qxd4 10. e3 Qd7 11. Bb5 Bg4 12. Bxc6 bxc6 13. O-O Bxd1 14. Rfxd1 e5 15. Ba5 Qxd1+ 16. Rxd1 Bd6 17. a4 O-O-O 18. c4 Bb4 19. Rxd8+ Rxd8 20. Bxb4 Rd1+ 21. Be1 Rxe1# 0-1

[Event "Junior Online 4NCL Division 4"]
[Site "online"]
[Date "2022.01.20"]
[EventDate "2022.01.20"]
[Round "1.21"]
[White "Gabb, Percy"]
[WhiteElo "1100"]
[WhiteTeam "Ojays F"]
[Black "Botnari, Diana"]
[BlackElo "913"]
[BlackTeam "Chess Challengers G"]
[Result "1-0"]
[PlyCount "49"]

1. e4 e5 2. Nf3 Nc6 3. Bc4 Nf6 4. Ng5 d5 5. exd5 Nxd5 6. Nc3 Be6 7. d3 Bb4 8. O-O Bxc3 9. bxc3 Qxg5 10. Bxg5 Nxc3 11. Qd2 Na4 12. Bxe6 fxe6 13. c4 h6 14. Bh4 g5 15. Bg3 O-O-O 16. Rfd1 Nc5 17. d4 exd4 18. a4 Nb3 19. Qb2 Nxa1 20. Qxa1 h5 21. f4 h4 22. Bf2 g4 23. Bxd4 h3 24. Bxh8 Rxh8 25. Qxh8+ 1-0

[Event "Junior Online 4NCL Division 4"]
[Site "online"]
[Date "2022.01.20"]
[EventDate "2022.01.20"]
[Round "1.22"]
[White "Hari Prasad, Shivaani"]
[WhiteElo "1000"]
[WhiteTeam "Chess Challengers G"]
[Black "Srivastava, Avani"]
[BlackElo "900"]
[BlackTeam "Ojays F"]
[Result "1-0"]
[PlyCount "65"]

1. e4 e5 2. Nf3 Nc6 3. Bc4 Nf6 4. Nc3 h6 5. O-O Bc5 6. d3 O-O 7. Nd5 d6 8. Nxf6+ Qxf6 9. b3 Be6 10. Bxe6 Qxe6 11. Bb2 Bd4 12. c3 Bc5 13. d4 exd4 14. cxd4 Bb6 15. d5 Qxe4 16. dxc6 Qxc6 17. Rc1 Qb5 18. a4 Qb4 19. Rc4 Qa5 20. Bc3 Qf5 21. Ba1 d5 22. Rc1 c6 23. Qc2 Bc7 24. Qxf5 g6 25. Qc2 f5 26. Qc3 Kf7 27. Qg7+ Ke8 28. Rce1+ Kd8 29. Bf6+ Kc8 30. Qxf8+ Kd7 31. Qe7+ Kc8 32. Qe8+ Bd8 33. Qxd8# 1-0

[Event "Junior Online 4NCL Division 4"]
[Site "online"]
[Date "2022.01.20"]
[EventDate "2022.01.20"]
[Round "1.23"]
[White "Goh, Timothy"]
[WhiteElo "670"]
[WhiteTeam "Ojays F"]
[Black "Kailaje, Vedant"]
[BlackElo "940"]
[BlackTeam "Chess Challengers G"]
[Result "1-0"]
[PlyCount "35"]

1. e4 e5 2. Bc4 Bc5 3. Nf3 Nf6 4. Nxe5 Qe7 5. Nxf7 Nxe4 6. Nxh8 Nc3+ 7. Kf1 Nxd1 8. c3 d6 9. d4 Bb6 10. a4 Ba5 11. b4 Bxb4 12. cxb4 Qg5 13. Bxg5 Nb2 14. Bf7+ Kf8 15. Ra3 Nd3 16. Rxd3 Bf5 17. Re3 Bxb1 18. Re8# 1-0

[Event "Junior Online 4NCL Division 4"]
[Site "online"]
[Date "2022.01.20"]
[EventDate "2022.01.20"]
[Round "1.24"]
[White "Chaturvedi, Arjun"]
[WhiteElo "1000"]
[WhiteTeam "Chess Challengers G"]
[Black "Tomlinson, Cecilia"]
[BlackElo "392"]
[BlackTeam "Ojays F"]
[Result "1-0"]
[PlyCount "30"]

1. e4 e5 2. Qh5 g6 3. Qxe5+ Be7 4. Qxh8 Bf8 5. Qxg8 Nc6 6. Bc4 Qe7 7. Nf3 Qxe4+ 8. Kd1 Qxc4 9. Ng5 Qd5 10. Nc3 Qxg5 11. d4 Qxg2 12. Re1+ Ne7 13. Bh6 Kd8 14. Qxf8#  1-0

[Event "Junior Online 4NCL Division 4"]
[Site "online"]
[Date "2022.01.20"]
[EventDate "2022.01.20"]
[Round "1.25"]
[White "Botnari, Diana"]
[WhiteElo "913"]
[WhiteTeam "Chess Challengers G"]
[Black "Gabb, Percy"]
[BlackElo "1100"]
[BlackTeam "Ojays F"]
[Result "1-0"]
[PlyCount "23"]

1. e4 e5 2. Nf3 Nc6 3. Nc3 Bc5 4. d3 Nf6 5. Be3 d6 6. d4 exd4 7. Bxd4 Nxd4 8. Nxd4 d5 9. Nf5 O-O 10. e5 Ng4 11. Qxg4 Re8 12. Qxg7# 1-0

[Event "Junior Online 4NCL Division 4"]
[Site "online"]
[Date "2022.01.20"]
[EventDate "2022.01.20"]
[Round "1.27"]
[White "Kailaje, Vedant"]
[WhiteElo "940"]
[WhiteTeam "Chess Challengers G"]
[Black "Goh, Timothy"]
[BlackElo "670"]
[BlackTeam "Ojays F"]
[Result "0-1"]
[PlyCount "66"]

1. d4 f5 2. Nf3 e6 3. Nc3 Nc6 4. Bg5 Nge7 5. e3 h6 6. Bxe7 Bxe7 7. Nd2 d5 8. Bb5 Bd7 9. Bxc6 Bxc6 10. O-O Qd7 11. Nf3 O-O-O 12. Ne5 Qe8 13. Nxc6 Qxc6 14. Qe2 g5 15. Qh5 Bb4 16. Nd1 Qxc2 17. Qf7 Rde8 18. Qh5 Kb8 19. f3 Qe2 20. Nf2 Qxe3 21. Rad1 e5 22. dxe5 Rxe5 23. Rd3 Qe1 24. h3 Qe2 25. Rdd1 Qxb2 26. Ra1 Bc3 27. Rad1 d4 28. Rb1 Qxa2 29. Rfc1 Bb2 30. Rc2 Qxb1+ 31. Kh2 Qxc2 32. Nh1 f4 33. Qg6 Qxg6 0-1

[Event "Junior Online 4NCL Division 4"]
[Site "online"]
[Date "2022.01.20"]
[EventDate "2022.01.20"]
[Round "1.28"]
[White "Tomlinson, Cecilia"]
[WhiteElo "392"]
[WhiteTeam "Ojays F"]
[Black "Chaturvedi, Arjun"]
[BlackElo "1000"]
[BlackTeam "Chess Challengers G"]
[Result "0-1"]
[PlyCount "49"]

1. e3 e5 2. Nf3 Nf6 3. Nxe5 Bc5 4. Bb5 c6 5. Bc4 d5 6. Bd3 Qc7 7. f4 Na6 8. Be2 Nb4 9. Nc3 Bf5 10. Bf3 Nxc2+ 11. Kf1 Nxa1 12. Qb3 Nxb3  0-1

[Event "Junior Online 4NCL Division 4"]
[Site "online"]
[Date "2022.01.20"]
[EventDate "2022.01.20"]
[Round "1.31"]
[White "Balakrishnan, Akshata"]
[WhiteElo "792"]
[WhiteTeam "Watford D"]
[Black "Saurymper, Mylo"]
[BlackElo "1009"]
[BlackTeam "Edgware Gambits G"]
[Result "1-0"]
[PlyCount "75"]

1. e4 c5 2. Nf3 Nc6 3. Bc4 Nf6 4. O-O h6 5. Nc3 g6 6. d3 Bg7 7. Bf4 O-O 8. Qe2 d6 9. Rad1 Be6 10. Bxe6 fxe6 11. d4 cxd4 12. Nxd4 e5 13. Nxc6 bxc6 14. Bg3 Rb8 15. Qc4+ Rf7 16. Qxc6 Rxb2 17. Bxe5 dxe5 18. Rxd8+ Rf8 19. Qe6+ Kh7 20. Rxf8 Bxf8 21. Qf7+ Bg7 22. Qxe7 Rxc2 23. Nd5 Nxd5 24. exd5 Rxa2 25. Rc1 h5 26. h3 Rd2 27. Rc7 Kh6 28. Qxg7+ Kg5 29. Qxe5+ Kh6 30. Qe3+ g5 31. Qxd2 a5 32. d6 a4 33. d7 a3 34. d8=Q a2 35. Qh8+ Kg6 36. Qd6+ Kf5 37. Qhf8+ Ke4 38. Re7# 1-0

[Event "Junior Online 4NCL Division 4"]
[Site "online"]
[Date "2022.01.20"]
[EventDate "2022.01.20"]
[Round "1.32"]
[White "Kantaria, Shivam"]
[WhiteElo "926"]
[WhiteTeam "Edgware Gambits G"]
[Black "Astrakhantceva, Elizaveta"]
[BlackElo "649"]
[BlackTeam "Watford D"]
[Result "1-0"]
[PlyCount "33"]

1. e4 e5 2. Nf3 Nc6 3. Bc4 d5 4. Bxd5 h6 5. d4 Bb4+ 6. c3 Ba5 7. dxe5 Bg4 8. O-O Nxe5 9. h3 Bh5 10. g4 Bg6 11. Nxe5 Nf6 12. Nxg6 fxg6 13. g5 hxg5 14. Bxg5 Nd7 15. Bxd8 Rxd8 16. Qf3 g5 17. Qf7# 1-0

[Event "Junior Online 4NCL Division 4"]
[Site "online"]
[Date "2022.01.20"]
[EventDate "2022.01.20"]
[Round "1.33"]
[White "Naren, Riya"]
[WhiteElo "614"]
[WhiteTeam "Watford D"]
[Black "Simmons, Keaton"]
[BlackElo "925"]
[BlackTeam "Edgware Gambits G"]
[Result "1/2-1/2"]
[PlyCount "40"]

1. e4 e5 2. Nf3 Nc6 3. Bc4 Bc5 4. Nc3 Nf6 5. d3 d6 6. Bg5 Bg4 7. O-O O-O 8. Re1 h6 9. Bh4 Bxf3 10. Qxf3 a6 11. Bxf6 gxf6 12. Qg3+ Kh8 13. Qh3 Kg7 14. Qg3+ Kh8 15. Qh3 Kg7 16. Qg3+ Kh8 17. Qh3 Kg7 18. Qg3+ Kh8 19. Qh3 Kg7 20. Qg3+ Kh8 1/2-1/2

[Event "Junior Online 4NCL Division 4"]
[Site "online"]
[Date "2022.01.20"]
[EventDate "2022.01.20"]
[Round "1.34"]
[White "Mehta, Aanya"]
[WhiteElo "1000"]
[WhiteTeam "Edgware Gambits G"]
[Black "Koleti, Srimayi"]
[BlackElo "589"]
[BlackTeam "Watford D"]
[Result "0-1"]
[PlyCount "68"]

1. e3 e5 2. Bc4 Nf6 3. Bb3 a5 4. Qe2 a4 5. Bxa4 Rxa4 6. b3 Ra7 7. e4 Nc6 8. b4 Nxb4 9. Ba3 Nxc2+ 10. Kd1 Nxa1 11. Nc3 b6 12. Bb2 Ba6 13. Qe1 Nb3 14. axb3 d6 15. Nd5 c5 16. Nc3 Bb7 17. f4 exf4 18. g3 Nh5 19. g4 Nf6 20. Na4 Bc8 21. e5 dxe5 22. Qxe5+ Be7 23. Nh3 Bxg4+ 24. Kc1 Bxh3 25. Qxf4 Bd6 26. Re1+ Kd7 27. Qf2 b5 28. Nb6+ Kc7 29. Nd5+ Nxd5 30. d3 Qg5+ 31. Kb1 Qd8 32. Bc1 Qa8 33. Qf3 Ra1+ 34. Kb2 Qa2# 0-1

[Event "Junior Online 4NCL Division 4"]
[Site "online"]
[Date "2022.01.20"]
[EventDate "2022.01.20"]
[Round "1.35"]
[White "Saurymper, Mylo"]
[WhiteElo "1009"]
[WhiteTeam "Edgware Gambits G"]
[Black "Balakrishnan, Akshata"]
[BlackElo "792"]
[BlackTeam "Watford D"]
[Result "0-1"]
[PlyCount "112"]

1. e4 e5 2. Nf3 Nc6 3. d4 exd4 4. Nxd4 Bc5 5. Be3 Nf6 6. Nxc6 dxc6 7. Qxd8+ Kxd8 8. Bxc5 Nxe4 9. Bd4 Nf6 10. Bd3 Re8+ 11. Be2 b6 12. O-O Rxe2 13. Na3 Ba6 14. c4 b5 15. c5 b4 16. Bxf6+ gxf6 17. Rad1+ Kc8 18. Rfe1 Rxe1+ 19. Rxe1 bxa3 20. bxa3 Kd7 21. h4 Rb8 22. g4 Rb2 23. f4 Rxa2 24. g5 fxg5 25. fxg5 Rxa3 26. h5 Rg3+ 27. Kh2 Rxg5 28. h6 Rxc5 29. Kg3 Rc3+ 30. Kf2 Rh3 31. Rd1+ Kc8 32. Rd4 Rxh6 33. Rf4 f6 34. Rf5 Bd3 35. Rc5 f5 36. Kf3 Be4+ 37. Kf4 Rh4+ 38. Ke3 Rh1 39. Kf4 Rb1 40. Ke5 Rb5 41. Rxb5 cxb5 42. Kd4 a5 43. Kc3 b4+ 44. Kb3 h5 45. Kb2 h4 46. Kb3 f4 47. Ka4 h3 48. Kxa5 f3 49. Kxb4 h2 50. Kc5 h1=Q 51. Kb5 f2 52. Kc5 f1=Q 53. Kd4 Qd3+ 54. Ke5 Qh5+ 55. Kf6 Qd6+ 56. Kg7 Qh7# 0-1

[Event "Junior Online 4NCL Division 4"]
[Site "online"]
[Date "2022.01.20"]
[EventDate "2022.01.20"]
[Round "1.36"]
[White "Astrakhantceva, Elizaveta"]
[WhiteElo "649"]
[WhiteTeam "Watford D"]
[Black "Kantaria, Shivam"]
[BlackElo "926"]
[BlackTeam "Edgware Gambits G"]
[Result "0-1"]
[PlyCount "48"]

1. e4 e5 2. Nf3 Nc6 3. Nc3 d6 4. Bb5 a6 5. Ba4 b5 6. Bb3 Nd4 7. Bd5 Rb8 8. d3 Nxf3+ 9. gxf3 b4 10. Na4 Bd7 11. Nc3 bxc3 12. bxc3 c6 13. Bc4 d5 14. exd5 cxd5 15. Bxd5 Bh3 16. f4 Qxd5 17. c4 Qxh1+ 18. Kd2 Qxh2 19. Qe2 Bb4+ 20. c3 Bc5 21. Qxe5+ Ne7 22. Qxb8+ Kd7 23. Qxh8 Qxf2+ 24. Kd1 Bg4# 0-1

[Event "Junior Online 4NCL Division 4"]
[Site "online"]
[Date "2022.01.20"]
[EventDate "2022.01.20"]
[Round "1.37"]
[White "Simmons, Keaton"]
[WhiteElo "925"]
[WhiteTeam "Edgware Gambits G"]
[Black "Naren, Riya"]
[BlackElo "614"]
[BlackTeam "Watford D"]
[Result "1-0"]
[PlyCount "69"]

1. e4 e5 2. Nc3 Nf6 3. Nf3 Nc6 4. Bc4 Bc5 5. O-O O-O 6. d3 d6 7. Bg5 Bg4 8. a3 Bxf3 9. Qxf3 Nd4 10. Bxf6 Nxf3+ 11. gxf3 Qd7 12. Bh4 Rfe8 13. Bb5 Qe6 14. Bxe8 Rxe8 15. b4 Bb6 16. Na4 Bd4 17. c3 Qg6+ 18. Bg3 b5 19. cxd4 bxa4 20. dxe5 dxe5 21. Rac1 Rc8 22. Kh1 Qh6 23. Rc5 Qd2 24. Bxe5 Qxd3 25. Rg1 Qxe4 26. Bxc7 Qxf3+ 27. Rg2 Qd1+ 28. Rg1 Qf3+ 29. Rg2 Re8 30. Rc1 Qf4 31. Bxf4 Rf8 32. Bd6 Re8 33. Be7 Rxe7 34. Rc8+ Re8 35. Rxe8# 1-0

[Event "Junior Online 4NCL Division 4"]
[Site "online"]
[Date "2022.01.20"]
[EventDate "2022.01.20"]
[Round "1.38"]
[White "Koleti, Srimayi"]
[WhiteElo "589"]
[WhiteTeam "Watford D"]
[Black "Mehta, Aanya"]
[BlackElo "1000"]
[BlackTeam "Edgware Gambits G"]
[Result "1-0"]
[PlyCount "75"]

1. e4 e6 2. Nf3 d5 3. Bb5+ c6 4. Ba4 b5 5. Bb3 Bc5 6. d3 Bb6 7. Bg5 f6 8. Bh4 Qe7 9. e5 Qc5 10. d4 Qf8 11. c3 fxe5 12. dxe5 g5 13. Bxg5 Qc5 14. Be3 d4 15. cxd4 Qf8 16. a4 Nh6 17. Qc1 Nf5 18. g4 Nxe3 19. fxe3 bxa4 20. Bxa4 Ba6 21. Bxc6+ Nxc6 22. Qxc6+ Kf7 23. Ng5+ Kg7 24. Nxe6+ Kf7 25. Nxf8 Rhxf8 26. Qd5+ Kg7 27. Rxa6 Rad8 28. Qb7+ Rf7 29. Qc6 Ba5+ 30. Rxa5 Rdd7 31. e6 Rc7 32. Rg5+ Kf6 33. Rf1+ Kxg5 34. Qd5+ Rf5 35. Qxf5+ Kh6 36. g5+ Kg7 37. Qf6+ Kg8 38. Qf8# 1-0

[Event "Junior Online 4NCL Division 4"]
[Site "online"]
[Date "2022.01.20"]
[EventDate "2022.01.20"]
[Round "1.61"]
[White "Glover, Riley"]
[WhiteElo "1050"]
[WhiteTeam "Brentwood School C"]
[Black "Alex Warburton"]
[BlackElo "1000"]
[BlackTeam "York Chessnuts Knights"]
[Result "0-1"]
[PlyCount "70"]

1. e4 e6 2. d4 d5 3. e5 c5 4. c3 Nc6 5. Na3 f6 6. Nf3 Be7 7. Bb5 Bd7 8. O-O fxe5 9. Nxe5 Nxe5 10. dxe5 a6 11. Bxd7+ Qxd7 12. Qh5+ g6 13. Qd1 O-O-O 14. c4 d4 15. b3 d3 16. Bd2 Qd4 17. Be3 Qxe5 18. f4 Qxe3+ 19. Kh1 Nf6 20. Rb1 d2 21. b4 Qxa3 22. bxc5 Ne4 23. Rf3 Bxc5 24. Qf1 Qxa2 25. Rfb3 d1=Q 26. Rxd1 Qxb3 27. Rb1 Qc2 28. Rc1 Nf2+ 29. Kg1 Nd3+ 30. Kh1 Nxc1 31. h4 Rd1 32. Qxd1 Qxd1+ 33. Kh2 Qg1+ 34. Kg3 Ne2+ 35. Kg4 Qxg2# 0-1

[Event "Junior Online 4NCL Division 4"]
[Site "online"]
[Date "2022.01.20"]
[EventDate "2022.01.20"]
[Round "1.62"]
[White "Pirandola, Matteo"]
[WhiteElo "900"]
[WhiteTeam "York Chessnuts Knights"]
[Black "Phillips, Thomas"]
[BlackElo "944"]
[BlackTeam "Brentwood School C"]
[Result "0-1"]
[PlyCount "54"]

1. d4 d5 2. Bf4 Nc6 3. e3 Nf6 4. Nf3 e6 5. Bb5 Bd7 6. Nc3 a6 7. Bxc6 Bxc6 8. Ne5 Bd7 9. a3 Bd6 10. Nxd7 Bxf4 11. Nxf6+ Qxf6 12. exf4 Qxf4 13. g3 Qf5 14. Qd3 Qxd3 15. cxd3 O-O-O 16. Ke2 b6 17. b4 f6 18. Rhb1 e5 19. dxe5 fxe5 20. a4 Kb7 21. a5 b5 22. Rc1 c6 23. Rc2 Rhf8 24. Rac1 Rc8 25. Ke3 d4+ 26. Ke4 dxc3 27. Rxc3 Rfe8 0-1

[Event "Junior Online 4NCL Division 4"]
[Site "online"]
[Date "2022.01.20"]
[EventDate "2022.01.20"]
[Round "1.63"]
[White "Edinburgh, Christian"]
[WhiteElo "834"]
[WhiteTeam "Brentwood School C"]
[Black "Taylor, Kai"]
[BlackElo "936"]
[BlackTeam "York Chessnuts Knights"]
[Result "1/2-1/2"]
[PlyCount "127"]

1. e4 e5 2. Nf3 Nc6 3. d4 f6 4. dxe5 fxe5 5. Nc3 Nf6 6. Bb5 Nb4 7. Bg5 a6 8. Bxf6 Qxf6 9. Nd5 Nxd5 10. Qxd5 c6 11. Qxe5+ Be7 12. Qxf6 Bxf6 13. Bd3 Bxb2 14. Rd1 O-O 15. Bc4+ Kh8 16. Ne5 Bxe5 17. g3 d6 18. f4 Bc3+ 19. Kf2 Bg4 20. Rxd6 Rfd8 21. Rxd8+ Rxd8 22. h3 Bd4+ 23. Kg2 b5 24. Bf7 Be2 25. e5 Bc4 26. Bxc4 bxc4 27. Rd1 Kg8 28. f5 g6 29. f6 Kf7 30. g4 g5 31. Kf3 c5 32. c3 Ke6 33. cxd4 cxd4 34. Ke4 d3 35. Ke3 Kxe5 36. f7 h6 37. a4 Ke6 38. Kd2 Kxf7 39. Kc3 Re8 40. Kxc4 Re4+ 41. Kxd3 Rxa4 42. Rg1 Ra3+ 43. Ke4 Rxh3 44. Kd5 a5 45. Ra1 Rd3+ 46. Ke5 Rg3 47. Kf5 Rf3+ 48. Ke4 Rf4+ 49. Ke5 Rxg4 50. Rxa5 Rg1 51. Ra7+ Kg6 52. Ke4 h5 53. Ra6+ Kf7 54. Kf5 h4 55. Ra7+ Kg8 56. Kg6 Kf8 57. Kf6 Rf1+ 58. Kxg5 h3 59. Ra2 Rh1 60. Kh4 Ke7 61. Kg3 Kf6 62. Rh2 Rxh2 63. Kxh2 Kg5 64. Kxh3 1/2-1/2

[Event "Junior Online 4NCL Division 4"]
[Site "online"]
[Date "2022.01.20"]
[EventDate "2022.01.20"]
[Round "1.64"]
[White "Pitel, Benedikt"]
[WhiteElo "963"]
[WhiteTeam "York Chessnuts Knights"]
[Black "Measday, Austin"]
[BlackElo "837"]
[BlackTeam "Brentwood School C"]
[Result "1-0"]
[PlyCount "33"]

1. c4 e6 2. d4 d6 3. Nc3 e5 4. dxe5 dxe5 5. Qxd8+ Kxd8 6. Nf3 Bc5 7. Nxe5 Be6 8. e4 Nf6 9. Bg5 Re8 10. O-O-O+ Nd7 11. Be2 h6 12. Bh4 g5 13. Bg3 Ng4 14. Nxd7 Nxf2 15. Bxf2 Bxf2 16. Nb6+ Bd7 17. Rxd7# 1-0

[Event "Junior Online 4NCL Division 4"]
[Site "online"]
[Date "2022.01.20"]
[EventDate "2022.01.20"]
[Round "1.65"]
[White "Alex Warburton"]
[WhiteElo "1000"]
[WhiteTeam "York Chessnuts Knights"]
[Black "Glover, Riley"]
[BlackElo "1050"]
[BlackTeam "Brentwood School C"]
[Result "1-0"]
[PlyCount "43"]

1. e4 e6 2. Nc3 d6 3. Bc4 Nf6 4. d3 Nc6 5. f4 Be7 6. Nf3 Bd7 7. Be3 O-O 8. Qd2 Ng4 9. O-O-O Nxe3 10. Qxe3 Nb4 11. a3 Na6 12. g4 Nc5 13. g5 f6 14. gxf6 Bxf6 15. e5 dxe5 16. fxe5 Be7 17. Ne4 Nxe4 18. Qxe4 Bc6 19. Qg4 Bxf3 20. Qg3 Bxh1 21. Rg1 Bc6 22. Qxg7# 1-0